000 00801nam a2200289Ia 4500
001 79299
003 IT-RoPAU
008 130308s9999 xx 000 0 und d
040 _aIT-RoPAU
040 _cIT-RoPAU
041 _aITALIANO
100 _aFerrucci Riccardo
100 _gCodice Aut. SPICS: 27915
245 _aSolaris: cinema e profondità
245 _bFuoco (Il), L'Acqua, L'Ombra-Andrej Tarkovskij: Il Cinema Fra Poesia e Profezia
250 _a1a ed.
260 _aFIRENZE
260 _bLa Casa Usher
260 _c1989 [1° Ed.:1989 - Ed.Ling.Originale:1987]
300 _a"4 p. (prefazione: no ; testo: 4 [pagine: 93-96])"
650 _aAUTORI/OPERE DEL CINEMA
650 _eCodice materia Spics: 6807
942 _cBK
957 _71
999 _c53184
_d53184
999 _bSI
999 _g1